000 00980nac a22003257a 4500
001 BR0501943
003 BR-BrBNA
005 20240105123134.0
008 230509b bl.|||m| |||| 00| 0 por d
040 _aBR-BrBNA
_bpor
_cBiblioteca Nacional de Agricultura
072 _aH20
090 _a0337 BR0501943
100 1 _aLeite, R.M.V.B. de C.
110 1 _aCentro Nacional de Pesquisa da Soja, Londrina, PR (Brasil)
_91743
245 1 _aDoenças do Girassol
260 3 _aLondrina, PR (Brasil):
_c1997.
300 _a68 p.
490 _aCircular Técnica - Centro Nacional de Pesquisa de Soja (Brazil)
_vno. 19
_xISSN 0100-6703
500 _a25 illus.; 37 ref.
650 _aGIRASSOL
650 _aDOENÇA DE PLANTA
650 _aFUNGO
650 _aVÍRUS
650 _aSINTOMA
650 _aCONDIÇÃO AMBIENTAL
650 _aCONTROLE QUÍMICO
650 _aVARIEDADE RESISTENTE
909 _a202312
_bLúcia Elande
_c55
_dLúcia Elande
942 _2AGRIS
_n0
_cMS
999 _c294149
_d294149